| 000 | 00599nam a22002177a 4500 | ||
|---|---|---|---|
| 005 | 20241212095508.0 | ||
| 008 | 241212b ||||| |||| 00| 0 eng d | ||
| 040 | _cAL | ||
| 041 | _aEnglish | ||
| 082 |
_223 _a349.42 _bHAIH |
||
| 100 |
_aHailsham _9190019 |
||
| 245 | _aHalsburys Laws of England: Vol 29 | ||
| 260 |
_aLondon _bButterworths _c1979 |
||
| 300 |
_a402 p. _bHB |
||
| 365 |
_a1061 _b₹4962.80 _c₹ _d₹6845.24 _e27% _f28-11-2024 |
||
| 440 |
_aVolume 29 _9190020 |
||
| 650 |
_aLaw _9190021 |
||
| 650 |
_aLondon Government _9190022 |
||
| 650 |
_aMagistrates _9190023 |
||
| 942 |
_2ddc _cBI |
||
| 999 |
_c232627 _d232627 |
||